10 najlepszych siatkarzy 2025 roku - Statystyki

Ogólne statystyki
  • Ten quiz został rozwiązany 35 razy
  • Średni wynik to 6 z 10
Statystyki odpowiedzi
Miejsce Reprezentacja Siatkarz % Poprawnych
5. Polska Wilfredo Leon
97%
4. Polska Jakub Kochanowski
85%
2. Bułgaria Alex Nikolov
73%
6. Bułgaria Simeon Nikolov
73%
3. Włochy Simone Gianelli
73%
1. Włochy Alessandro Michieletto
58%
9. Słowenia Jan Kozamernik
39%
8. Bułgaria Aleks Grozdanov
36%
10. Czechy Patrick Indra
36%
7. Włochy Fabio Balaso
24%
Nie znaleziono quizów pasujących do podanych kryteriów
Rozkład punktacji
Procent ludzi z każdym wynikiem
Percentyl według liczby udzielonych odpowiedzi
Twoja historia wyników
Nie rozwiązałeś tego quizu